000 01494nam a22002057a 4500
001 85851
005 20260429154834.0
008 260429s2025 sp ||||| |||| 00| 0 spa d
017 _aA 436-2020
022 _2ISSN
_a2660-5899
040 _aM-RABA
_bspa
_cM-RABA
245 0 3 _aLa Belluerna
_b: Revista de l'Associació Cultural Amics de Teulada. II època - nùm. 16 - Teulada, Tardor 2025
260 _aTeulada
_b: Associació Cultural Amics de Teulada
_b: Ajuntament de Teulada-Regidoria de Cultura
_c, 2025
300 _a43 p.
_b: il. col.
_c; 30 cm
505 _aContiene: El turisme / Joan Ivars. El pintor Vitòria i l'Àngel de l'Apocalipsi (II) / Tomás Merlos Sánchez. Miguel Noguera, una vida entregada a la mar / José Antonio Roca. Porigasses marines / Josep Ivars Crespo. Què penses quan penses en la mar / Mar Navarro Buigues. Dol de mar / Joan-Lluís Moreno Congost. Costums desapareguts / Vicent R. Vallés. Caciquisme en temps de la República / Juanjo Buigues Sapena. Una ment brillant i un cor compromés: Teresa Calatayud / Calara Vara Llobell. Colles musicales de ronda i ball a Teulada / Jaume Buigues i Villa. L'Acat es mou
546 _aTextos en español y en valenciano.
852 _jF-16120
856 _uhttps://archivoybiblioteca.realacademiabellasartessanfernando.com/cgi-bin/koha/opac-retrieve-file.pl?id=e09f4aecdd2ec0b5075e8048dbfdae70
_yArtículo de Tomás Merlos Sánchez-El pintor Vitoria y el Ángel del Apocalipsis en español
942 _cFONDOMODER
_n0
999 _c85851
_d85851